Biblia - quiz wielokrotnego wyboru - Statystyki

Ogólne statystyki
  • Ten quiz został rozwiązany 2 006 razy
    1 905 od ostatniego zresetowania
  • Średni wynik to 11 z 15
Statystyki odpowiedzi
Zagadnienie Odpowiedź % Poprawnych
Kim z zawodu był Józef, ziemski ojciec Jezusa? Cieślą
96%
Jak Jezus wszedł do Jerozolimy w Niedzielę Palmową? Na ośle
88%
Kim był Łazarz? Mężczyzna, którego Jezus przywrócił do życia
86%
Dlaczego Kain zabił Abela? Bo był zazdrosny, ponieważ Bóg wolał ofiarę Abla
83%
Co król Salomon zaproponował zrobić, gdy dwie kobiety twierdziły, że są prawdziwymi matkami dziecka? Ściąć dziecko na pół
82%
Jak długo padał deszcz podczas potopu, który zniszczył wszystkich oprócz Noego i jego rodziny? Czterdzieści dni i nocy
79%
Co Mojżesz zobaczył, gdy zszedł z góry Synaj, przed czym oddawali cześć Izraelici? Złoty cielec
76%
Oprócz Jezusa, czy jakiekolwiek inne postacie biblijne wstąpiły bezpośrednio do nieba? Tak
75%
Która z tych pozycji NIE jest księgą w Biblii? Elija
74%
Jak długo żył Matuzalem? 969 lat
62%
Kto jest uznawany za autora około połowy Księgi Psalmów? Dawid
61%
Jak zaczyna się werset Jan 3,16? Albowiem tak Bóg umiłował świat, że Syna swego jednorodzonego dał, aby każdy, kto weń wierzy, nie zginął, ale miał żywot wieczny.
60%
Kim albo czym jest epistoła? Listem, który stał się księgą Biblii
58%
Co król Dawid zrobił, gdy zakochał się w Batszebie? Zaaranżował zabójstwo jej męża, a potem pojął ją za żonę
57%
Mojżesz poprowadził Izraelitów z Egiptu. Ale kto poprowadził ich do Egiptu? Józef
36%
Nie znaleziono quizów pasujących do podanych kryteriów
Rozkład punktacji
Procent ludzi z każdym wynikiem
Percentyl według liczby udzielonych odpowiedzi
Twoja historia wyników
Nie rozwiązałeś tego quizu od ostatniego zresetowania